Groundwater

Αποθηκεύτηκε σε:
Λεπτομέρειες βιβλιογραφικής εγγραφής
Κύριος συγγραφέας: Freeze, R. Allan
Άλλοι συγγραφείς: Cherry, John A.
Μορφή: Βιβλίο
Γλώσσα:English
Δημοσίευση: New Jersey : Prentice-Hall, 1979
Θέματα:
Ετικέτες: Προσθήκη ετικέτας
Δεν υπάρχουν, Καταχωρήστε ετικέτα πρώτοι!

MARC

LEADER 00000nam a2200000 i 4500
001 1/2550
008 960212s1979 eng d
020 |a 0-13-365312-9 
035 |l 10014900 
040 |a GR-MY-UA  |b gre  |e aacr 
041 0 |a eng 
082 0 |a 551.498 
100 1 |a Freeze, R. Allan. 
245 1 0 |a Groundwater /  |c R. Allan Freeze; John A. Cherry 
260 |a New Jersey :   |b Prentice-Hall,   |c 1979 
300 |a 604 p.  |b fig.; tables 
504 |a Bibliography: p.556-588. Includes index. 
650 0 0 |a Groundwater. 
700 1 |a Cherry, John A. 
852 |a INST  |b LESVOS  |e 19960212  |h 551.49 FRE  |p 005100005748  |q 005100005748  |t BK  |y 0 
909 |a Λ  |b 021144